Normal view
MARC view
Entry Personal Name
001 - CONTROL NUMBER
- control field: 1238212
003 - CONTROL NUMBER IDENTIFIER
- control field: OSt
005 - DATE AND TIME OF LATEST TRANSACTION
- control field: 20260430150702.0
008 - FIXED-LENGTH DATA ELEMENTS
- fixed length control field: 260430|| aca||aabn | a|a d
040 ## - CATALOGING SOURCE
- Original cataloging agency: OSt
- Transcribing agency: OSt
100 ## - HEADING--PERSONAL NAME
- Personal name: Panwar Hema Au.; Neeta Nath Gu
670 ## - SOURCE DATA FOUND
- Source citation: Work cat.: (OSt)1850388: Panwar Hema Au.; Neeta Nath Gu., A Study of Various Facets and Striking Similarities of Buddhism and Utilitarianiam, 2024
